Представление документа в формате MARC21

ПолеНазваниеЗначение
  Тип записи a
  Библиографический уровень m
001 Контрольный номер RU\infra-m\znanium\bibl\2235953
005 Дата корректировки 20260429142147.0
008 Кодируемые данные 260120s2025 RU g rus u
020 Индекс ISBN __
a ISBN
040 Источник каталогиз. __
a Служба первич. каталог. Общество с ограниченной ответственностью «ЗНАНИУМ»
041 Код языка издания __
a Код языка текста rus
044 Код страны публикации __
a Код страны публикации RU
080 Индекс УДК __
a Индекс УДК 75
084 Индекс другой классификации/Индекс ББК __
2 Источник индекса rubbk
a Индекс другой классификации/Индекс ББК 851
084 Индекс другой классификации/Индекс ББК __
2 Источник индекса okso
a Индекс другой классификации/Индекс ББК 50.03.01
084 Индекс другой классификации/Индекс ББК __
2 Источник индекса okso
a Индекс другой классификации/Индекс ББК 50.03.02
084 Индекс другой классификации/Индекс ББК __
2 Источник индекса okso
a Индекс другой классификации/Индекс ББК 50.03.03
084 Индекс другой классификации/Индекс ББК __
2 Источник индекса okso
a Индекс другой классификации/Индекс ББК 50.03.04
084 Индекс другой классификации/Индекс ББК __
2 Источник индекса okso
a Индекс другой классификации/Индекс ББК 51.03.01
084 Индекс другой классификации/Индекс ББК __
2 Источник индекса okso
a Индекс другой классификации/Индекс ББК 54.03.01
084 Индекс другой классификации/Индекс ББК __
2 Источник индекса okso
a Индекс другой классификации/Индекс ББК 54.05.02
084 Индекс другой классификации/Индекс ББК __
2 Источник индекса okso
a Индекс другой классификации/Индекс ББК 54.05.04
084 Индекс другой классификации/Индекс ББК __
2 Источник индекса okso
a Индекс другой классификации/Индекс ББК 54.05.05
100 Автор __
a Автор Асфари З.
q Полное имя Асфари Зарина
245 Заглавие __
a Заглавие История искусства для развития навыков будущего: Девять уроков от Рафаэля, Пикассо, Врубеля и других великих художников
b Продолж. заглавия Практическое пособие
250 Сведения об издании __
a Основные сведения об издании 1
260 Выходные данные __
a Место издания Москва
b Издательство ООО "Альпина Паблишер"
c Дата издания 2026
300 Физическое описание __
a Объем 384 с.
520 Аннотация __
a Аннотация Мягкие навыки — необычайно популярная сейчас тема но необходимы они были всем и всегда даже когда о них не говорили так много. Ни один художник не смог бы добиться успеха просто отточив умение наносить краску на холст. Босху помогало умение рассказать историю (сторителлинг) Ван Гога вдохновляло японское искусство (кросскультурная коммуникация) а Дали умело создавал личный бренд. Искусствовед Зарина Асфари предлагает учиться навыкам наблюдая за великими художниками. Согласитесь куда приятнее развивать в себе клиентоориентированность зная как она помогла Рафаэлю отвоевать место под солнцем у Микеланджело и Леонардо. И куда увлекательнее упражняться в креативности пользуясь методиками сюрреалистов. Кроме истории и теории в книге есть практические советы по развитию мягких навыков методами проверенными гениями прошлого и современными творцами.
521 Примеч. о цел. назн. __
a Примеч. о целев. назн. Дополнительное образование взрослых
650 Тематические рубрики __
a Основная рубрика Архитектура. Искусство
x Основная подрубрика История изобразительного искусства
655 Указ. предметных рубрик (устаревшее) __
a Жанр/ форма (устаревшее) Практическое пособие
856 Электронный адрес документа 4_
a Имя сервера/домена znanium.ru
m Помощь ebs_support@infra-m.ru
n Местонахождение сервера НИЦ ИНФРА-М
u URL https://znanium.ru/catalog/document?id=473952
856 Электронный адрес документа 48
a Имя сервера/домена znanium.ru
d Путь /cover/2235
f Электронное имя 2235953.jpg
q Тип электронного формата image/jpeg
u URL https://znanium.ru/cover/2235/2235953.jpg
911 __
u 0030=https://znanium.ru/catalog/document?id=473952